000 00410nam a2200181Ia 4500
008 210210b1943 xxu||||| |||| 00| 0 eng d
041 _aeng
082 _a519/64
100 _aHART (William L)
245 _aFirst year college mathematics
260 _aBoston
_b-
_c1943
650 _ayear
650 _amathematics
650 _aFirst
650 _acollege
690 _aMathematics
906 _a007925
999 _c140783
_d140783